3915-松山市(愛媛県)の駅 - Statistics

General Stats
  • This quiz has been taken 4 times
  • The average score is 41 of 61
Answer Stats
Answer % Correct
伊予北条
100%
松山
100%
古町
100%
大手町
100%
松山市
100%
道後温泉
100%
道後公園
100%
大街道
100%
県庁前
100%
JR松山駅前
100%
三津浜
75%
市坪
75%
三津
75%
西衣山
75%
衣山
75%
萱町六丁目
75%
本町六丁目
75%
木屋町
75%
鉄砲町
75%
赤十字病院前
75%
平和通一丁目
75%
上一万
75%
警察署前
75%
勝山町
75%
市役所前
75%
南堀端
75%
西堀端
75%
宮田町
75%
大手町駅前
75%
本町三丁目
75%
本町四丁目
75%
本町五丁目
75%
松山市駅
75%
浅海
50%
大浦
50%
柳原
50%
粟井
50%
光洋台
50%
堀江
50%
伊予和気
50%
高浜
50%
梅津寺
50%
港山
50%
山西
50%
石手川公園
50%
いよ立花
50%
福音寺
50%
北久米
50%
久米
50%
鷹ノ子
50%
平井
50%
梅本
50%
土橋
50%
土居田
50%
余戸
50%
鎌田
50%
高砂町
50%
清水町
50%
本町一丁目
50%
松山観光港
25%
南町
25%
No matching quizzes found
Score Distribution
Percent of People with Each Score
Percentile by Number Answered
Your Score History
You have not taken this quiz